Á bordo del vapor Guipúzcoa / (Record no. 163465)

MARC details
000 -LEADER
campo de control de longitud fija 00625nam a2200157 i 4500
001 - NÚMERO DE CONTROL
campo de control 163465
003 - IDENTIFICADOR DE NÚMERO DE CONTROL
campo de control ES-MaACL
005 - FECHA Y HORA DE LA ÚLTIMA TRANSACCIÓN
campo de control 20230906212738.0
008 - DATOS DE LONGITUD FIJA--INFORMACIÓN GENERAL
campo de control de longitud fija 000922s1872 sp |||| | spa d
040 ## - FUENTE DE CATALOGACIÓN
Centro catalogador/agencia de origen CCPB | B
Lengua de catalogación spa
Centro/agencia transcriptor CCPB | B
100 1# - ENTRADA PRINCIPAL--NOMBRE DE PERSONA
Nombre de persona Ribó, José Joaquín.
9 (RLIN) 131782
245 10 - MENCIÓN DEL TÍTULO
Título Á bordo del vapor Guipúzcoa /
Mención de responsabilidad, etc. por José Joaquin Ribó.
260 ## - PUBLICACIÓN, DISTRIBUCIÓN, ETC.
Lugar de publicación, distribución, etc. Madrid :
Nombre del editor, distribuidor, etc. [s.n.],
Fecha de publicación, distribución, etc. 1872 (
Fabricante imprenta de la viuda é hijos de Galiano)
300 ## - DESCRIPCIÓN FÍSICA
Extensión 111 p. ;
Dimensiones 18 cm.
852 ## - LOCALIZACIÓN
Ubicación ES-MaACL
Número de control de estantería T-643-F-10
Nota libre -- Enc. hol. conservando la original
-- -- Dedic. ms. del autor a Aurelia Anton, 1874
Encuadernación -- Edic.: En port. consta: 1ª ed.
Holdings
Estatus retirado Estado de pérdida Estado de daño No para préstamo Colección Biblioteca de origen Biblioteca actual Ubicación en estantería Fecha de adquisición Total de préstamos Signatura topográfica completa Código de barras Visto por última vez Precio de reemplazo Tipo de ítem Koha
        Colección de folletos Biblioteca del Ateneo de Madrid Biblioteca del Ateneo de Madrid Depósito folletos 17/01/2008   T-643-F-10 1171296 23/02/2023 23/02/2023 Folleto